000
00290nam a22001337a 4500
020
_a
81-87834-73-0
082
_a
001
_b
POR/G
100
_a
PORTRAIT
245
_a
GREAT TEMPLES
260
_a
CHENNAI
_b
SEASONS PUBLISHING
300
_a
120
650
_a
HISTORIC WONDERS
_z
CHENNAI
942
_c
BK
999
_c
6352
_d
6352